| 000 | 01337nam a2200325 a 4500 | ||
|---|---|---|---|
| 001 | 000026000 | ||
| 005 | 20200930024222.0 | ||
| 008 | 110225s2002 dr 001 0 spa d | ||
| 020 | _a9993487856 | ||
| 040 |
_aDO-SdBNP _bspa _cBNPHU |
||
| 082 |
_a344.7293046 _bD431p |
||
| 245 | 0 | 0 |
_aDerecho penal del medio ambiente / _cWendy Martínez Mejía... [et. al] ; coordinador Marco Antonio Besares Escobar. |
| 260 |
_aSanto Domingo : _bEscuela Nacional de la Judicatura, _c2002. |
||
| 300 |
_a300 p. _e+ manual anexo _c28 cm. |
||
| 504 | _aBibliografía: p. 295-300 | ||
| 590 | _aInventariado, 2018/LP | ||
| 650 | 4 |
_aDerecho ambiental _zRepública Dominicana _99697 |
|
| 650 | 4 |
_aDerecho penal _zRepública Dominicana _916470 |
|
| 650 | 4 |
_aConservación de los recursos naturales _xLegislación _zRepública Dominicana _99785 |
|
| 650 | 4 |
_aControl ambiental _xLegislación _zRepública Dominicana _99699 |
|
| 700 | 1 | 2 |
_aMartínez Mejía, Wendy _952899 |
| 700 | 1 | 2 |
_aMoreno, Santa _917783 |
| 700 | 1 | 2 |
_aNoboa, Zeida _952900 |
| 700 | 1 | 2 |
_aPadilla, Frinette _952901 |
| 700 | 1 | 2 |
_aRodríguez, Herminia _952902 |
| 700 | 1 | 2 |
_aRodríguez Peralta, Sonya _952903 |
| 700 | 1 |
_aBesares Escobar, Marco Antonio, _ecoord. _952904 |
|
| 710 | 1 |
_aRepública Dominicana. _bEscuela Nacional de la Judicatura _97261 |
|
| 910 | _aValidado. Control de calidad EMS | ||
| 999 |
_c25492 _d25492 |
||